000 02142cam a22005054i 4500
003 PE-LiUPU
005 20250731172705.0
008 150617s r 000 0 d
035 _a(Sirsi) a10259
040 _aPE-LiUPU
_bspa
_cPE-LiUPU
_erda
049 _aPRUA
082 0 4 _a200.901
_bG91
_221
100 1 _aGuignebert, Charles,
_eautor.
245 1 3 _aEl cristianismo antiguo /
_cCharles Guignebert.
264 1 _aMéxico :
_bFondo de cultura económica,
_c1956.
300 _a207 páginas ;
_c17 cm.
336 _atext
_2rdacontent
337 _aunmediated
_2rdamedia
338 _avolume
_2rdacarrier
490 0 _aBreviarios del Fondo de Cultura Económica ;
_v114
505 0 _aLa iniciativa de Jesús -- El fracaso de Jesús -- La obra de los apóstoles -- El medio paulino -- La formación cristiana de Pablo -- La obra del apóstol Pablo -- El cristianismo religión autónoma -- La fundación y la organización de la iglesia -- Establecimiento de la doctrina y la disciplina -- El conflicto con el estado y la sociedad -- El sentido del triunfo.
526 _aSEG42
526 _aSEG41
526 _aSEG40
526 _aSEG39
526 _aP94
526 _aP87
526 _aP86
526 _aP85
526 _aP77
526 _aP76
526 _aP35
650 0 4 _aCivilización cristiana.
650 0 4 _aCristianismo.
910 _ajck
_bjvq
_cjck
_d20150616
942 _2ddc
_cBOOK
949 _a200.901 G91
_wDEWEY
_c1
_i08755
_lCCODEBUL1
_mBUL
_p00.00
_r0
_sY
_tBOOK
_u19980727
_xTEOLOGIA
_PP35
_0COMPRA
_o.STAFF. Colección General
949 _a200.901 G91
_wDEWEY
_c2
_i29160
_lCCODEBUL1
_mBUL
_p00.00
_r0
_sY
_tBOOK
_u19980727
_xTEOLOGIA
_PP35
_0COMPRA
_o.STAFF. Colección General
994 _aC0
_bPEPRU
596 _a1
999 _a200.901 G91
_wDEWEY
_c285
_i08755
_d285
_f2021-11-11
_g5
_lCCODEBUL1
_mBUL
_q1
_r0
_sY
_tBOOK
_u2015-6-17
_xTEOLOGIA
_PP35
_0COMPRA
_o.STAFF. Colección General
999 _a200.901 G91
_wDEWEY
_c2
_i29160
_f2021-11-11
_g5
_lCCODEBUL1
_mBUL
_r0
_sY
_tBOOK
_u2015-6-17
_xTEOLOGIA
_PP35
_0COMPRA
_o.STAFF. Colección General
980 _81
_gALBERTO SANCHEZ Responsable de Automatización